Basic principles in biology : (Record no. 160667)

MARC details
000 -LEADER
fixed length control field 00626nam a2200217 a 4500
008 - FIXED-LENGTH DATA ELEMENTS--GENERAL INFORMATION
fixed length control field
020 ## - INTERNATIONAL STANDARD BOOK NUMBER
International Standard Book Number 1881827642 ( pbk. )
049 ## - LOCAL HOLDINGS (OCLC)
Holding library MAIN
Primary bibliographic subdivision (Book 1)
-- (Book 2)
090 ## - LOCALLY ASSIGNED LC-TYPE CALL NUMBER (OCLC); LOCAL CALL NUMBER (RLIN)
Classification number (OCLC) (R) ; Classification number, CALL (RLIN) (NR) QH308 TO
003 - CONTROL NUMBER IDENTIFIER
control field
005 - DATE AND TIME OF LATEST TRANSACTION
control field 20230123134132.0
040 ## - CATALOGING SOURCE
Transcribing agency NUST
100 ## - MAIN ENTRY--PERSONAL NAME
Personal name To, Y.K.
245 10 - TITLE STATEMENT
Title Basic principles in biology :
Remainder of title for H.K.C.E.E.(Book 1)
Statement of responsibility, etc. Y.K.To.
250 ## - EDITION STATEMENT
Edition statement 2nd ed. (Book 1)
260 ## - PUBLICATION, DISTRIBUTION, ETC.
Place of publication, distribution, etc. Tsuen Wan :
Name of publisher, distributor, etc. Hung Fung Book Co.,
Date of publication, distribution, etc. 1979.
300 ## - PHYSICAL DESCRIPTION
Extent iv, 215 p :
Other physical details ill. ;
Dimensions 26 cm.
500 ## - GENERAL NOTE
General note Includes index.
907 ## - LOCAL DATA ELEMENT G, LDG (RLIN)
a .b10122308
b 11-02-13
c 18-05-04
942 ## - ADDED ENTRY ELEMENTS (KOHA)
Koha item type Ordinary Loan Books
Call number prefix QH308 TO
Holdings
Date last seen Total Checkouts Full call number Barcode Cost, replacement price Price effective from Koha item type Lost status Source of classification or shelving scheme Damaged status Not for loan Collection Withdrawn status Home library Current library Shelving location Date acquired Cost, normal purchase price
01/23/2023 11 QH308 TO 92004001917 80.00 01/23/2023 BOOKS   LCC     NFIC   MAIN MAIN GEN 01/23/2023 80.00